000 00514nam a2200193Ia 4500
005 20250508150206.0
008 008 250505s9999 xx 000 0 eng d
037 _aTextual
040 _aFEDL
_beng
_cFEDL
041 _aeng
_2eng
084 _a371, KEN
_qFEDL
100 _aKennedy Alex
245 0 _aTeacher in the making
260 _aEdinburgh
_bOliver and Boyd
_c1936
300 _axv,159p.
700 _a Thomson Godfrey H
_9756138
942 _cTEXL
_h371, KEN
999 _c1322298
_d1322298